Die Top 10 der Tankstellen in Deutschland - Statistiken

Allgemein
  • Dieses Quiz wurde 687 mal gespielt
  • Das Durchschnittsergebnis liegt bei 4 aus 10
Antwortstatistiken
Betreiber Anzahl der Tankstellen % Korrekt
ARAL 2.335
93%
Shell 1.929
92%
Esso 992
60%
Jet 821
58%
TOTAL 1.136
36%
Agip 447
26%
Avia 851
22%
HEM-Tamoil 400
19%
OMV 279
16%
Orlen 572
4%
Keine übereinstimmenden Quizze gefunden
Verteilung der Resultate
Anzahl Personen mit jedem Resultat
Perzentil nach korrekt beantworteten Fragen
Ihre Resultats-Entwicklung
Sie haben dieses Quiz noch nicht gespielt